| 000 | 00577nam a2200193 i 4500 | ||
|---|---|---|---|
| 001 | 58621 | ||
| 003 | ES-MaACL | ||
| 005 | 20260424183902.0 | ||
| 007 | t| | ||
| 008 | 031023s1970 sp ||||1| spa d | ||
| 100 | 1 |
_aDurrell, Lawrence, _d1912-1990 _946321 |
|
| 245 | 1 | 0 |
_aJustine _b: el cuarteto de Alejandría / _cLawrence Durrell ; [traducción de Aurora Bernández]. |
| 250 | _a[1ª ed.]. | ||
| 260 |
_aBarcelona : _bEdhasa, _c1970. |
||
| 300 |
_a249 p. ; _c19 cm. |
||
| 700 | 1 |
_aBernárdez, Aurora. _928270 |
|
| 852 |
_aES-MaACL _jC-40247 _bR.74930 |
||
| 999 |
_c58621 _d58621 |
||